10 Shortest Elements - Statistics

General Stats
  • This quiz has been taken 41 times
  • The average score is 9 of 10
Answer Stats
Hint Answer % Correct
3 Letters Tin
100%
4 Letters Iron
91%
4 Letters Gold
89%
4 Letters Lead
89%
4 Letters Neon
89%
4 Letters Zinc
89%
5 Letters Boron
86%
5 Letters Argon
77%
5 Letters Xenon
77%
5 Letters Radon
74%
No matching quizzes found
Score Distribution
Percent of People with Each Score
Percentile by Number Answered
Your Score History
You have not taken this quiz